Estatísticas para Champions League - Todos os vice-campeões até 14-15

Clique aqui para jogar o quiz

Estatísticas Gerais

  • Esse quiz foi jogado 209 vezes
  • A pontuação média é 24 de 33

Estatísticas das Respostas

Número de vice-campeonatosPaísEquipe% Correto
3EspanhaBarcelona
99%
4ItáliaMilan
99%
3EspanhaReal Madrid
99%
5PortugalBenfica
97%
2HolandaAjax
96%
5AlemanhaBayern Munique
96%
2ItáliaInternazionale
96%
6ItáliaJuventus
96%
2InglaterraManchester United
96%
2EspanhaAtlético Madrid
95%
2InglaterraLiverpool
93%
1AlemanhaBorussia Dortmund
91%
1EscóciaCeltic
87%
1InglaterraChelsea
86%
1InglaterraArsenal
84%
1FrançaOlympique Marseille
84%
1ItáliaRoma
81%
2EspanhaValencia
80%
1AlemanhaHamburgo
68%
1SuéciaMalmö
66%
1FrançaMonaco
63%
1AlemanhaBayer Leverkusen
61%
1GréciaPanathinaikos
60%
1RomêniaSteua Bucareste
59%
1ItáliaFiorentina
58%
1BélgicaBrugge
49%
1ItáliaSampdoria
49%
1FrançaSaint-Etienne
45%
1SérviaPartizan
43%
1AlemanhaBorussia Monchengladbach
42%
1InglaterraLeeds United
40%
1AlemanhaEintracht Frankfurt
37%
2FrançaStade Reims
34%

Distribuição das Pontuações

Percentil de Números Respondidos

Porcentagem de Pessoas com Cada Pontuação

Sua Pontuação Histórica

Você não jogou esse quiz